[Event "XVII Juros Svente 2020-A"]
[Site "Klaipeda"]
[Date "2020.07.26"]
[Round "7.5"]
[White "Paulauskas, Andrius"]
[Black "Kaunas, Kestutis"]
[Result "1/2-1/2"]
[WhiteElo "1904"]
[BlackElo "2178"]
[Annotator "TA"]
[PlyCount "95"]
[EventDate "2020.07.20"]
[EventType "tourn"]
[EventCountry "LTU"]
[SourceTitle "playchess.com"]
[Source "ChessBase"]
[SourceQuality "1"]

{[%evp 15,95,0,0,-15,-9,-17,-4,-57,-73,-81,-71,-89,-96,-104,-80,-90,-78,-80,-79,-85,-86,-94,-81,-104,-104,-119,-97,-172,-157,-246,-123,-226,-228,-225,-70,-73,-67,-65,-66,-68,-72,-99,-107,-109,-91,-86,-27,-40,-30,-37,0,-22,-21,-55,-24,-20,-27,-26,-8,-82,-87,-89,0,-21,-21,-22,0,0,0,-58,-47,-91,-67,-122,-32,-32,-32,-32,-32,-31,-31,-32]} 1. d4 Nf6 2. Nf3 e6 3. e3 b6 4. Bd3 Bb7 5. Nbd2 c5 6. O-O Be7 7. c3 O-O 8. Qe2 Nc6 {[%cal Bb8c6,Bc6b4,Bb4d3][%mdl 32]} 9. Rd1 {A47: 1 d4 Nf6 2 Nf3 b6: Torre, London and Colle Systems.} Qc7 10. e4 cxd4 {[#]} 11. cxd4 $146 (11. Nxd4 $11 Ne5 12. Bc2) ({Predecessor:} 11. Nxd4 d6 12. Nxc6 Bxc6 13. Nf1 Nd7 14. Bb5 Bb7 15. Ba6 Bxa6 16. Qxa6 Rfc8 17. Qe2 {½-½ (51) Struessmann,F (2276)-Herrmann,A (2171) Verden 2010}) 11... Nb4 $15 12. e5 Nfd5 13. Nf1 Nxd3 14. Qxd3 Rac8 (14... Nb4 {seems wilder.} 15. Qe2 Qc2 16. Ng3 Rac8 17. a3 Nd5) 15. a3 Qc2 16. Qxc2 Rxc2 17. Ne1 Rc7 $36 {[%mdl 2048] Keeping White busy.} 18. Bd2 Rc4 19. Be3 Rfc8 20. f3 f6 21. f4 (21. Bf2 $17 {keeps fighting.}) 21... g5 22. g3 (22. exf6 $17 Bxf6 23. fxg5 Nxe3 24. Nxe3 Bxd4 {[%mdl 64] Double Attack} 25. N1c2 $1 {[%mdl 512]} Bxb2 26. Nxc4 Rxc4 27. Ne3) 22... Kf7 (22... gxf4 $19 23. gxf4 d6 24. exd6 Bxd6) 23. Kf2 (23. fxg5 $17 fxg5 24. Bf2) 23... gxf4 $19 24. Bxf4 d6 $2 (24... fxe5 $19 25. Bxe5 d6) 25. exd6 $15 Bf8 26. d7 Rd8 27. Ne3 Nxe3 28. Kxe3 Rxd7 29. Rac1 Rxc1 30. Rxc1 {[#]} h5 (30... e5 $1 $17 {[%cal Re5f4][%mdl 512]} 31. dxe5 Bc5+ 32. Ke2 fxe5) 31. Rc7 Rxc7 32. Bxc7 {[%mdl 4096] Endgame KBB-KBN} Kg6 33. Nd3 Kf5 34. h3 Bh6+ 35. Bf4 Bg7 36. Bb8 a6 37. Nf2 (37. Bc7 $11 {remains equal.}) 37... Bh6+ $17 38. Ke2 e5 (38... Bc6 $17 39. g4+ hxg4 40. hxg4+ Kg6) 39. g4+ hxg4 40. hxg4+ Ke6 41. dxe5 fxe5 42. Kd3 (42. Bc7 $11) 42... Bc1 43. b4 Bxa3 44. Kc3 $1 a5 (44... e4 $17 {White must now prevent ...a5.} 45. Bc7 Bc1 46. Bxb6 e3) 45. bxa5 $15 {Black is slightly better.} bxa5 {Hoping for ...Bb4+.} 46. Kb3 $1 {[%cal Rb3a3]} Be7 {And now ...Bc6 would win.} 47. Bc7 e4 {[#] Threatens to win with ...Bb4.} 48. Nxe4 $1 {[%mdl 512] Accuracy: White = 69%, Black = 67%.} 1/2-1/2

[Event "XVII Juros Svente 2020-A"]
[Site "Klaipeda"]
[Date "2020.07.26"]
[Round "7.6"]
[White "Butvilas, Aistis"]
[Black "Savicevs, Arsenijs"]
[Result "1/2-1/2"]
[WhiteElo "2103"]
[BlackElo "1578"]
[Annotator "TA"]
[PlyCount "76"]
[EventDate "2020.07.20"]
[EventType "tourn"]
[EventCountry "LTU"]
[SourceTitle "playchess.com"]
[Source "ChessBase"]
[SourceQuality "1"]

{[%evp 14,76,0,-22,-15,-22,-17,-22,-16,-33,-4,-41,47,38,31,45,72,64,74,50,70,58,91,70,141,6,3,-3,-10,-42,34,34,18,12,39,0,0,0,107,127,128,50,58,58,56,69,75,0,0,0,51,-112,-88,-102,-104,-198,-69,-66,-66,-63,-71,-152,-40,-42,-50]} 1. d4 Nf6 2. c4 e6 3. Nc3 Bb4 4. f3 d5 5. a3 Bxc3+ 6. bxc3 O-O 7. e3 c5 8. Bd3 Qc7 {is the legacy move (8...dxc4). E24: Nimzo-Indian: Sämisch: Unusual Black 5th moves and 5...c5 sidelines.} 9. Qc2 Nc6 10. cxd5 exd5 {The position is equal.} 11. Ne2 {[#]} Re8 $146 ({Predecessor:} 11... c4 12. Bf5 Re8 13. Bxc8 Raxc8 14. O-O Na5 15. Ng3 Nb3 16. Rb1 Qc6 17. Re1 Nd7 18. e4 f6 19. Bf4 g6 20. h4 b5 21. h5 Kf7 22. Kf2 g5 23. exd5 {1-0 (23) Kantans,T (2281)-Vardanian,H (2333) Kemer 2009}) 12. Ng3 cxd4 (12... c4 $15 13. Bf5 Bxf5 14. Qxf5 Na5) 13. cxd4 $14 Qb6 14. Ne2 Bd7 15. Rb1 Qa5+ 16. Kf2 Rab8 17. Qa2 Be6 18. Bd2 Ne4+ (18... Qc7 $14) 19. Bxe4 ({Only move:} 19. fxe4 $16 dxe4 20. d5 (20. Bxa5 Bxa2 21. Bb5 Bxb1 $11) 20... Bxd5 21. Qb2) 19... dxe4 $11 20. Qc2 $132 {[%mdl 2048] White has counterplay} Qxa3 21. Ra1 Qd3 (21... Qd6 $15) 22. Qxd3 $14 exd3 23. Nf4 {Black must now prevent d5.} Bc4 24. d5 Ne5 25. Rxa7 g5 (25... Ba6 $11) 26. Nh5 $16 {Hoping for Nf6+.} Rec8 27. Ra3 (27. e4 $16) 27... Ra8 28. Rha1 Rxa3 29. Rxa3 Ba6 {Threatening ...Rc2.} 30. Nf6+ ({Better is} 30. Rc3 $16 {[%cal Rc3c8]} Bc4 31. h3) 30... Kg7 $11 {...Rc2 is the strong threat.} 31. Ne4 f5 ({Black should try} 31... Rc2 $11 32. Ke1 f5) 32. Ng3 $2 ({Of course not} 32. Nxg5 Rc2 $17) (32. Rc3 $14 Rxc3 33. Bxc3 fxe4 34. Bxe5+ Kg6 35. Bc3) 32... Rc2 $17 33. Nf1 Kf6 34. Ke1 {[#]} (34. h3 $17) 34... Ke7 (34... Nc4 $1 $19 {[%cal Rc4a3]} 35. Ra4 Ke5) 35. Bb4+ $15 Kd7 36. Nd2 Nc4 {And now ...Rxd2 would win.} 37. Nxc4 {[#]} (37. Rxd3 $142 Rc1+ 38. Kf2) 37... Bxc4 (37... Re2+ $1 $17 38. Kd1 Bxc4) 38. Bd2 $1 Rb2 {Accuracy: White = 53%, Black = 54%.} 1/2-1/2

[Event "XVII Juros Svente 2020-A"]
[Site "Klaipeda"]
[Date "2020.07.26"]
[Round "7.8"]
[White "Zirnovas, Martynas"]
[Black "Piksrys, Rutenis"]
[Result "1-0"]
[WhiteElo "1801"]
[BlackElo "1532"]
[Annotator "NA RC"]
[PlyCount "67"]
[EventDate "2020.07.20"]
[EventType "tourn"]
[EventCountry "LTU"]
[SourceTitle "playchess.com"]
[Source "ChessBase"]
[SourceQuality "1"]
[TimeControl "40/5400+30:1800+30"]

{[%evp 8,62,36,16,27,20,34,38,33,30,43,34,35,25,107,93,98,93,114,97,106,105,95,96,102,101,134,130,166,143,140,136,141,146,140,138,266,309,264,295,265,293,277,200,343,348,338,359,460,316,317,349,284,375,465,544,578]} 1. e4 {[%emt 0:00:00]} g6 {[%emt 0:00:00]} 2. d4 {[%emt 0:00:00]} Bg7 {[%emt 0:00:00]} 3. Nf3 {[%emt 0:00:09]} d6 {[%emt 0:00:00]} 4. Nc3 {[%emt 0:00:13]} Nf6 {[%emt 0:00:00]} 5. h3 {[%emt 0:00:43]} O-O {[%emt 0:00:09]} 6. Be3 {[%emt 0:00:19]} Nbd7 {[%emt 0:00:29]} 7. Be2 {[%emt 0:00:48]} c6 {[%emt 0:00:22]} 8. a4 {[%emt 0:00:13]} a5 {[%emt 0:00:36] B08: Pirc Defence: Classical System.} 9. Nd2 {[%emt 0:02:55]} e5 {[%emt 0:00:28]} 10. dxe5 {[%emt 0:00:50]} dxe5 {[%emt 0:00:08]} (10... Nxe5 $11 {remains equal.} 11. f4 Ned7) 11. Nc4 {[%emt 0:00:50]} Ne8 {[%emt 0:00:54] [#]} 12. Bc5 $146 {[%emt 0:03:09]} ({Predecessor:} 12. O-O f5 13. exf5 gxf5 14. Nd6 Nxd6 15. Qxd6 f4 16. Bc4+ Kh8 17. Bc1 f3 18. g4 {1-0 (28) Monti,T-Epelboin,M (2028) ICC INT 2009}) 12... Qg5 {[%emt 0:00:38]} 13. Bxf8 {[%emt 0:01:24]} Nxf8 {[%emt 0:00:29]} 14. Nb6 {[%emt 0:04:53]} Rb8 {[%emt 0:00:11]} 15. Nxc8 {[%emt 0:01:03]} Rxc8 {[%emt 0:00:07]} 16. O-O {[%emt 0:01:29]} Ne6 {[%emt 0:00:28]} 17. Bc4 {[%emt 0:03:54]} Rd8 {[%emt 0:00:44]} 18. Qg4 {[%emt 0:01:15]} Qxg4 {[%emt 0:01:56]} 19. hxg4 {[%emt 0:04:26]} Nd4 {[%emt 0:00:10]} 20. Rad1 {[%emt 0:06:33]} Nd6 {[%emt 0:00:54]} 21. Bd3 {[%emt 0:00:57]} b5 {[%emt 0:00:17]} (21... Bf8 $16 22. g3 Be7) 22. axb5 {[%emt 0:00:48]} cxb5 {[%emt 0:00:06] [#]} 23. Nxb5 $1 {[%emt 0:01:58]} N6xb5 {[%emt 0:01:01]} 24. Bxb5 {[%emt 0:00:28]} Rb8 {[%emt 0:00:18]} 25. c4 {[%emt 0:02:00]} f5 {[%emt 0:00:21]} (25... Bf8 $142 26. Rd3 Bb4) 26. exf5 {[%emt 0:01:47]} gxf5 {[%emt 0:00:07]} 27. gxf5 {[%emt 0:01:20]} Nxf5 {[%emt 0:00:28]} 28. Bd7 {[%emt 0:01:23]} Nd4 {[%emt 0:00:17]} 29. c5 {[%emt 0:00:33]} Rxb2 {[%emt 0:01:01]} 30. Ra1 {[%emt 0:05:53]} Rb4 {[%emt 0:01:04]} 31. Rxa5 {[%emt 0:01:22]} Ne2+ $18 {[%emt 0:00:26]} 32. Kh2 {[%emt 0:00:15]} Rh4+ {[%emt 0:00:20]} 33. Bh3 {[%emt 0:00:17]} Rc4 {[%emt 0:00:49]} 34. Be6+ {[%emt 0:00:15]} 1-0

[Event "XVII Juros Svente 2020-A"]
[Site "Klaipeda"]
[Date "2020.07.26"]
[Round "7.9"]
[White "Barsciauskas, Gintautas"]
[Black "Bazilius, Augustinas"]
[Result "1/2-1/2"]
[WhiteElo "1575"]
[BlackElo "1632"]
[Annotator "NA RC"]
[PlyCount "79"]
[EventDate "2020.07.20"]
[EventType "tourn"]
[EventCountry "LTU"]
[SourceTitle "playchess.com"]
[Source "ChessBase"]
[SourceQuality "1"]
[TimeControl "40/5400+30:1800+30"]

1. d4 {[%emt 0:00:00]} Nf6 {[%emt 0:00:00]} 2. c4 {[%emt 0:00:00]} c5 {[%emt 0:00:00]} 3. d5 {[%emt 0:00:11]} b5 {[%emt 0:00:00]} 4. cxb5 {[%emt 0:01:43]} a6 {[%emt 0:00:00]} 5. Nc3 {[%emt 0:00:30]} axb5 {[%emt 0:00:18]} 6. Nxb5 {[%emt 0:00:37]} Ba6 {[%emt 0:00:15]} 7. Nc3 {[%emt 0:00:20]} d6 {[%emt 0:00:20]} 8. f3 {[%emt 0:02:51]} g6 {[%emt 0:01:05]} 9. g4 {[%emt 0:05:52]} Nbd7 {[%emt 0:01:59]} 10. Bg2 {[%emt 0:02:13]} Bg7 {[%emt 0:00:54]} 11. Kf2 {[%emt 0:01:40]} Ne5 {[%emt 0:02:47]} 12. h4 {[%emt 0:01:20]} Nfxg4+ {[%emt 0:10:27]} 13. fxg4 {[%emt 0:00:12]} Nxg4+ {[%emt 0:00:08]} 14. Ke1 {[%emt 0:04:24]} Bd4 {[%emt 0:01:44]} 15. e3 {[%emt 0:25:59]} Nxe3 {[%emt 0:00:20]} 16. Bxe3 {[%emt 0:00:10]} Bxe3 {[%emt 0:00:05]} 17. Nf3 {[%emt 0:00:57]} Qc8 {[%emt 0:06:00]} 18. Qa4+ {[%emt 0:01:16]} Kf8 {[%emt 0:00:24]} 19. Qe4 {[%emt 0:00:20]} Bh6 {[%emt 0:01:06]} 20. Ng5 {[%emt 0:01:39]} Rb8 {[%emt 0:02:16]} 21. Bh3 {[%emt 0:11:32]} Qd8 {[%emt 0:04:01]} 22. Rh2 {[%emt 0:00:49]} Bxg5 {[%emt 0:00:52]} 23. hxg5 {[%emt 0:00:48]} Rb4 {[%emt 0:02:08]} 24. Qf3 {[%emt 0:01:38]} Kg7 {[%emt 0:00:58]} 25. Rd1 {[%emt 0:03:08]} Rf8 {[%emt 0:06:27]} 26. Bg4 {[%emt 0:06:17]} f5 {[%emt 0:01:55]} 27. Qh3 {[%emt 0:02:42]} Rh8 {[%emt 0:00:07]} 28. Qh6+ {[%emt 0:03:54]} Kf7 {[%emt 0:00:00]} 29. Bxf5 {[%emt 0:02:27]} gxf5 {[%emt 0:03:05]} 30. Qe6+ {[%emt 0:01:48]} Ke8 {[%emt 0:02:30]} 31. g6 {[%emt 0:00:44]} Qd7 {[%emt 0:02:24]} 32. Qf7+ {[%emt 0:00:59]} Kd8 {[%emt 0:00:06]} 33. g7 {[%emt 0:00:49]} Qe8 {[%emt 0:00:22]} 34. gxh8=Q {[%emt 0:01:10]} Qxh8 {[%emt 0:00:13]} 35. Qxf5 {[%emt 0:02:31]} Rxb2 {[%emt 0:00:28]} 36. Rc2 Rxc2 37. Qxc2 Qe5+ 38. Kf2 Qf4+ 39. Ke1 Qf5 40. Qxf5 1/2-1/2

[Event "XVII Juros Svente 2020-A"]
[Site "Klaipeda"]
[Date "2020.07.26"]
[Round "7.10"]
[White "Pocius, Vaclovas"]
[Black "Aleidzans, Vadims"]
[Result "1-0"]
[WhiteElo "1714"]
[BlackElo "1346"]
[Annotator "NA RC"]
[PlyCount "93"]
[EventDate "2020.07.20"]
[EventType "tourn"]
[EventCountry "LTU"]
[SourceTitle "playchess.com"]
[Source "ChessBase"]
[SourceQuality "1"]
[TimeControl "40/5400+30:1800+30"]

1. d4 {[%emt 0:00:00]} Nf6 {[%emt 0:00:00]} 2. Nc3 {[%emt 0:00:00]} d5 {[%emt 0:00:12]} 3. Bg5 {[%emt 0:00:10]} e6 {[%emt 0:00:37]} 4. e4 {[%emt 0:00:08]} dxe4 {[%emt 0:00:24]} 5. Nxe4 {[%emt 0:00:09]} Be7 {[%emt 0:00:21]} 6. Bxf6 {[%emt 0:00:25]} Bxf6 {[%emt 0:00:07]} 7. c3 {[%emt 0:00:06]} b6 {[%emt 0:00:47]} 8. Nf3 {[%emt 0:00:23]} Bb7 {[%emt 0:00:20]} 9. Bd3 {[%emt 0:00:08]} Nd7 {[%emt 0:01:17]} 10. Qe2 {[%emt 0:00:11]} a5 {[%emt 0:00:54]} 11. Bb5 {[%emt 0:05:37]} Bxe4 {[%emt 0:03:21]} 12. Qxe4 {[%emt 0:00:22]} O-O {[%emt 0:00:09]} 13. Qc6 {[%emt 0:03:28]} e5 {[%emt 0:24:28]} 14. Qxd7 {[%emt 0:13:10]} exd4 {[%emt 0:00:57]} 15. Qxd8 {[%emt 0:01:30]} Raxd8 {[%emt 0:00:19]} 16. Nxd4 {[%emt 0:08:30]} Bxd4 {[%emt 0:00:17]} 17. cxd4 {[%emt 0:00:10]} Rxd4 {[%emt 0:00:05]} 18. b3 {[%emt 0:02:32]} Re4+ {[%emt 0:00:33]} 19. Kd2 {[%emt 0:01:09]} Rd8+ {[%emt 0:00:08]} 20. Kc2 {[%emt 0:00:33]} Rd5 {[%emt 0:09:26]} 21. Rhd1 {[%emt 0:02:55]} Rc5+ {[%emt 0:00:49]} 22. Kb2 {[%emt 0:01:08]} g6 {[%emt 0:00:18]} 23. Bd3 {[%emt 0:02:35]} Rf4 {[%emt 0:00:38]} 24. f3 {[%emt 0:00:48]} Rh4 {[%emt 0:00:47]} 25. h3 {[%emt 0:00:05]} a4 {[%emt 0:01:15]} 26. Rac1 {[%emt 0:01:31]} Rg5 {[%emt 0:01:34]} 27. Bf1 {[%emt 0:00:12]} axb3 {[%emt 0:00:32]} 28. axb3 {[%emt 0:00:13]} c5 {[%emt 0:00:11]} 29. Rc2 {[%emt 0:00:45]} Re5 {[%emt 0:01:07]} 30. Rd6 {[%emt 0:01:30]} Rb4 {[%emt 0:00:26]} 31. Rc4 {[%emt 0:00:54]} Rxc4 {[%emt 0:01:37]} 32. Bxc4 {[%emt 0:00:13]} Rg5 {[%emt 0:00:09]} 33. g4 {[%emt 0:00:47]} Re5 {[%emt 0:00:59]} 34. Rxb6 {[%emt 0:00:35]} Re3 {[%emt 0:00:50]} 35. Rf6 {[%emt 0:01:41]} Re7 {[%emt 0:00:28]} 36. Ka3 {[%emt 0:01:01]} Ra7+ {[%emt 0:00:35]} 37. Ra6 {[%emt 0:00:20]} Re7 {[%emt 0:00:13]} 38. Ka4 {[%emt 0:01:27]} Kg7 {[%emt 0:00:19]} 39. g5 {[%emt 0:00:30]} Rb7 {[%emt 0:00:31]} 40. Rf6 {[%emt 0:00:27]} h6 {[%emt 0:01:25]} 41. Rxf7+ {[%emt 0:30:47]} Rxf7 {[%emt 0:30:07]} 42. Bxf7 {[%emt 0:00:25]} Kxf7 {[%emt 0:00:05]} 43. gxh6 {[%emt 0:00:08]} g5 {[%emt 0:00:10]} 44. Kb5 {[%emt 0:00:22]} Kg6 {[%emt 0:00:07]} 45. h7 {[%emt 0:00:07]} Kxh7 {[%emt 0:00:12]} 46. Kxc5 {[%emt 0:00:06]} Kg6 {[%emt 0:00:21]} 47. b4 {[%emt 0:00:07]} 1-0

[Event "XVII Juros Svente 2020-A"]
[Site "Klaipeda"]
[Date "2020.07.26"]
[Round "7.11"]
[White "Viliusis, Neimantas"]
[Black "Tolmacevs, Artjoms"]
[Result "0-1"]
[WhiteElo "1461"]
[BlackElo "1610"]
[Annotator "NA RC"]
[PlyCount "60"]
[EventDate "2020.07.20"]
[EventType "tourn"]
[EventCountry "LTU"]
[SourceTitle "playchess.com"]
[Source "ChessBase"]
[SourceQuality "1"]
[TimeControl "40/5400+30:1800+30"]

1. Nf3 {[%emt 0:00:00]} c5 {[%emt 0:00:00]} 2. g3 {[%emt 0:00:00]} Nc6 {[%emt 0:00:00]} 3. Bg2 {[%emt 0:00:00]} e5 {[%emt 0:00:00]} 4. d3 {[%emt 0:00:08]} Be7 {[%emt 0:00:12]} 5. O-O {[%emt 0:00:10]} d6 {[%emt 0:00:22]} 6. c4 {[%emt 0:01:23]} f5 {[%emt 0:00:05]} 7. Nc3 {[%emt 0:01:00]} Nf6 {[%emt 0:00:08]} 8. Bd2 {[%emt 0:01:48]} O-O {[%emt 0:00:26]} 9. a3 {[%emt 0:12:44]} Be6 {[%emt 0:06:57]} 10. Rb1 {[%emt 0:04:39]} a5 {[%emt 0:14:08]} 11. Qc2 {[%emt 0:11:17]} h6 {[%emt 0:10:53]} 12. Na2 {[%emt 0:05:21]} e4 {[%emt 0:02:33]} 13. Ne1 {[%emt 0:08:10]} Nd4 {[%emt 0:00:07]} 14. Qd1 {[%emt 0:00:26]} d5 {[%emt 0:10:07]} 15. e3 {[%emt 0:11:03]} dxc4 {[%emt 0:06:13]} 16. exd4 {[%emt 0:00:54]} cxd3 {[%emt 0:00:09]} 17. d5 {[%emt 0:01:07]} Nxd5 {[%emt 0:02:22]} 18. Nc3 {[%emt 0:01:01]} c4 {[%emt 0:02:34]} 19. b3 {[%emt 0:11:51]} Nxc3 {[%emt 0:06:42]} 20. Bxc3 {[%emt 0:00:47]} cxb3 {[%emt 0:00:15]} 21. f3 {[%emt 0:02:38]} Rc8 {[%emt 0:02:10]} 22. Bb2 {[%emt 0:03:27]} d2 {[%emt 0:03:21]} 23. fxe4 {[%emt 0:01:49]} dxe1=Q {[%emt 0:00:16]} 24. Rxe1 {[%emt 0:00:11]} fxe4 {[%emt 0:01:44]} 25. Bxe4 {[%emt 0:02:39]} Bc5+ {[%emt 0:02:01]} 26. Kh1 {[%emt 0:00:22]} Qxd1 {[%emt 0:03:02]} 27. Rbxd1 {[%emt 0:00:33]} Bg4 {[%emt 0:00:14]} 28. Rc1 {[%emt 0:02:29]} b6 {[%emt 0:01:32]} 29. Bd5+ {[%emt 0:00:48]} Kh8 {[%emt 0:00:17]} 30. Bxb3 {[%emt 0:00:44]} Bf3# {[%emt 0:00:04]} 0-1

[Event "XVII Juros Svente 2020-A"]
[Site "Klaipeda"]
[Date "2020.07.26"]
[Round "7.12"]
[White "Januseviciute, Donata"]
[Black "Ullrich, Karol"]
[Result "1/2-1/2"]
[WhiteElo "1520"]
[BlackElo "1404"]
[Annotator "NA RC"]
[PlyCount "84"]
[EventDate "2020.07.20"]
[EventType "tourn"]
[EventCountry "LTU"]
[SourceTitle "playchess.com"]
[Source "ChessBase"]
[SourceQuality "1"]
[TimeControl "40/5400+30:1800+30"]

1. d4 {[%emt 0:00:00]} d5 {[%emt 0:00:00]} 2. c4 {[%emt 0:00:00]} c6 {[%emt 0:00:00]} 3. Nf3 {[%emt 0:00:00]} Nf6 {[%emt 0:00:00]} 4. e3 {[%emt 0:00:00]} Bg4 {[%emt 0:00:09]} 5. h3 {[%emt 0:00:31]} Bh5 {[%emt 0:00:12]} 6. Nc3 {[%emt 0:00:19]} e6 {[%emt 0:00:19]} 7. a3 {[%emt 0:01:17]} Be7 {[%emt 0:01:23]} 8. Be2 {[%emt 0:03:00]} O-O {[%emt 0:00:42]} 9. O-O {[%emt 0:00:08]} dxc4 {[%emt 0:03:50]} 10. Bxc4 {[%emt 0:00:10]} b5 {[%emt 0:00:34]} 11. Be2 {[%emt 0:00:42]} a6 {[%emt 0:00:10]} 12. b4 {[%emt 0:00:57]} Nbd7 {[%emt 0:01:32]} 13. Bd2 {[%emt 0:02:13]} Nb6 {[%emt 0:08:16]} 14. Ne5 {[%emt 0:05:56]} Bxe2 {[%emt 0:00:21]} 15. Qxe2 {[%emt 0:00:37]} Qc7 {[%emt 0:00:51]} 16. f4 {[%emt 0:02:01]} Nbd5 {[%emt 0:01:10]} 17. Rfc1 {[%emt 0:02:00]} Qb7 {[%emt 0:01:36]} 18. Qf3 {[%emt 0:08:52]} Rac8 {[%emt 0:04:03]} 19. Nxd5 Nxd5 20. Qe4 {[%emt 0:01:24]} f5 {[%emt 0:02:39]} 21. Qf3 {[%emt 0:00:33]} Bd6 {[%emt 0:02:01]} 22. Nd3 {[%emt 0:01:29]} Nf6 {[%emt 0:00:34]} 23. Nc5 {[%emt 0:00:25]} Bxc5 {[%emt 0:00:10]} 24. Rxc5 {[%emt 0:02:57]} Ne4 {[%emt 0:00:17]} 25. Rc2 {[%emt 0:00:08]} g6 {[%emt 0:05:38]} 26. Rac1 {[%emt 0:01:06]} h5 {[%emt 0:00:56]} 27. Be1 {[%emt 0:00:16]} Kf7 {[%emt 0:01:50]} 28. g4 {[%emt 0:03:28]} hxg4 {[%emt 0:00:16]} 29. hxg4 {[%emt 0:00:08]} Ke7 {[%emt 0:01:35]} 30. Rh2 {[%emt 0:01:06]} Rh8 {[%emt 0:01:17]} 31. Qh1 {[%emt 0:01:30]} Rxh2 {[%emt 0:01:26]} 32. Qxh2 {[%emt 0:00:09]} Kd6 {[%emt 0:00:16]} 33. Qh6 {[%emt 0:03:25]} Rg8 {[%emt 0:04:13]} 34. Rc2 {[%emt 0:02:39]} Qf7 {[%emt 0:02:48]} 35. g5 {[%emt 0:01:24]} Kd7 {[%emt 0:01:35]} 36. Rh2 {[%emt 0:04:47]} Kd6 {[%emt 0:00:24]} 37. Qh7 {[%emt 0:06:07]} Ke7 {[%emt 0:00:13]} 38. Kg2 {[%emt 0:01:28]} Ke8 {[%emt 0:01:27]} 39. Kf3 {[%emt 0:02:32]} Kf8 {[%emt 0:01:47]} 40. Qh6+ {[%emt 0:02:19]} Qg7 {[%emt 0:00:58]} 41. Qh3 {[%emt 0:30:48]} Ke7 {[%emt 0:30:55]} 42. Qh7 {[%emt 0:09:17]} Kf7 {[%emt 0:00:38]} 1/2-1/2